| 000 | 00985nam0a22002771 4500 | ||
|---|---|---|---|
| 001 | rc\4403085 | ||
| 005 | 20250611170200.0 | ||
| 021 |
_aRU _b[57-43643] |
||
| 035 | _a(NLR Aleph) 008299085 | ||
| 090 |
_a8624458 _c8624458 |
||
| 100 | _a20130416d1957 |||y0rusy50 ca | ||
| 101 | 1 |
_arus _cfre |
|
| 102 | _aRU | ||
| 105 | _aa z ||||| | ||
| 200 | 1 |
_aМаленький Маду _e[Отрывок из романа "Джек"] _fПер. и обработка для детей С. Викторовой _gРис. С. Монахова |
|
| 210 |
_aМосква _cДетгиз _d1957 |
||
| 215 |
_a64 с. _cил. _d20 |
||
| 225 | 1 |
_aШкольная библиотека для нерусских школ _i[Для начальной школы] |
|
| 700 | 1 |
_aДоде _bА. _gАльфонс |
|
| 702 | 1 |
_aВикторова _bС. _4730 |
|
| 702 | 1 |
_aМонахов _bС. _4440 |
|
| 801 | 0 |
_aRU _bNLR _gpsbo |
|
| 801 | 1 |
_aRU _bELAR _2rusmarc |
|
| 852 |
_aNLR _j57-4/11227 |
||
| 942 | _cBOOK | ||
| 980 | _aNB | ||